Periodica Polytechnica Social and Management Sciences
Salvato in:
| Natura: | Periodico |
|---|---|
| Lingua: | inglese |
| Pubblicazione: |
Budapest
University of Technology and Economics
|
| Tags: |
Nessun Tag, puoi essere il primo ad aggiungerne!!
|
MARC
| LEADER | 00000nas1a2200000 4500 | ||
|---|---|---|---|
| 001 | 0269953 | ||
| 005 | 20250701092127.7 | ||
| 022 | |a 1587-3803 | ||
| 022 | |a 1416-3837 | ||
| 041 | 0 | |a eng | |
| 044 | |a HU | ||
| 245 | 1 | 0 | |a Periodica Polytechnica Social and Management Sciences |
| 264 | 1 | |a Budapest |b University of Technology and Economics | |